00265nam a2200109Ia 4500008004100000100001900041245002800060260002900088260000900117546001200126999001700138170619s9999 xx 000 0 und d aSharma- Sanjay 0aElectronics Engineering bNew Delhi: S. K. Kataria c2006 aENGLISH c18149d18149